Obote: (Record no. 164530)

MARC details
000 -LEADER
fixed length control field 00470nam a22001697a 4500
005 - DATE AND TIME OF LATEST TRANSACTION
control field 20190522143426.0
010 ## - LCCN (DPL NO)
LC control number A-828382
020 ## - INTERNATIONAL STANDARD BOOK NUMBER
International Standard Book Number 0706922654
035 ## - SYSTEM CONTROL NUMBER
System control number A-828382
037 ## - SOURCE OF ACQUISITION
Source of stock number/acquisition Vikas Publishing House Pvt. Ltd
082 ## - DEWEY DECIMAL CLASSIFICATION NUMBER
Classification number 921
100 ## - MAIN ENTRY--PERSONAL NAME
Personal name Gupta, Vijay
245 ## - TITLE STATEMENT
Title Obote:
Remainder of title second liberation /
Statement of responsibility, etc Vijay Gupta
260 ## - PUBLICATION, DISTRIBUTION, ETC. (IMPRINT)
Place of publication, distribution, etc New Delhi
Name of publisher, distributor, etc Vikas Publishing House Pvt. Ltd
Date of publication, distribution, etc 1983
300 ## - PHYSICAL DESCRIPTION
Extent 196p.
Dimensions 22cm(hbk)
942 ## - ADDED ENTRY ELEMENTS (KOHA)
Source of classification or shelving scheme Dewey Decimal Classification
Item type English Books
Classification part 921
Call number suffix GUP
Holdings
Withdrawn status Lost status Not for loan Collection code Home library Current library Date acquired Full call number Barcode Koha item type
      Non-fiction Sarojini Nagar Sarojini Nagar 22/05/2019 921 GUP A-828382 English Books

© Delhi Public Library
Hit Counter
free hit counter